[Event "COL-ch U18"]
[Site "Ibague"]
[Date "2024.03.16"]
[Round "5"]
[White "Carrero Hernandez, Oscar David"]
[Black "Bravo Mejia, Angel David"]
[Result "0-1"]
[WhiteElo "1772"]
[BlackElo "1535"]
[PlyCount "44"]
[EventDate "2024.03.14"]
[EventType "swiss"]
[EventRounds "7"]
[EventCountry "COL"]
[SourceTitle "CBM 219 Extra"]
[Source "ChessBase"]
[SourceDate "2024.05.31"]
[SourceVersion "1"]
[SourceVersionDate "2024.05.31"]
[SourceQuality "1"]

1. e4 Nf6 2. e5 Nd5 3. d4 d6 4. c4 Nb6 5. exd6 cxd6 6. Nf3 g6 7. Bf4 Bg7 8. Be2 0-0 9. Qd2 Be6 10. Na3 Re8 11. Bh6 Bh8 12. h4 Bg4 13. h5 e5 14. hxg6 fxg6 15. 0-0-0 exd4 16. Nxd4 Bxe2 17. Nxe2 d5 18. Nf4 Na4 19. Nd3 dxc4 20. Nxc4 Qd4 21. Qb4 Rc8 22. Nde5 Qxe5 0-1

[Event "Medellin de La Raza U2000 op"]
[Site "Medellin"]
[Date "2023.10.14"]
[Round "4"]
[White "Ocampo Cadavid, Matias"]
[Black "Carrero Hernandez, Oscar David"]
[Result "1-0"]
[WhiteElo "1453"]
[BlackElo "1622"]
[PlyCount "59"]
[EventDate "2023.10.12"]
[EventType "swiss"]
[EventRounds "9"]
[EventCountry "COL"]
[SourceTitle "CBM 216 Extra"]
[Source "ChessBase"]
[SourceDate "2023.11.30"]
[SourceVersion "1"]
[SourceVersionDate "2023.11.30"]
[SourceQuality "1"]

1. d4 Nf6 2. Nf3 g6 3. e3 Bg7 4. Bd3 0-0 5. 0-0 d6 6. Nbd2 Re8 7. b3 e5 8. dxe5 dxe5 9. e4 Nc6 10. Bb2 Nh5 11. Bc4 Nf4 12. g3 Ne6 13. Bb5 Ned4 14. Nxd4 exd4 15. f4 Bh3 16. Rf2 h5 17. f5 Bg4 18. Qf1 gxf5 19. exf5 h4 20. Rf4 hxg3 21. Rxg4 gxh2+ 22. Kxh2 Qd6+ 23. Kg1 Ne5 24. Rxg7+ Kxg7 25. Bxe8 Rxe8 26. Ne4 Qb6 27. Qg2+ Kh7 28. Qh3+ Kg8 29. Qg3+ Kf8 30. Ba3+ 1-0

[Event "Medellin de La Raza U2000 op"]
[Site "Medellin"]
[Date "2023.10.13"]
[Round "3"]
[White "Carrero Hernandez, Oscar David"]
[Black "Rios Parra, Juan Fernando"]
[Result "0-1"]
[WhiteElo "1622"]
[BlackElo "1882"]
[PlyCount "46"]
[EventDate "2023.10.12"]
[EventType "swiss"]
[EventRounds "9"]
[EventCountry "COL"]
[SourceTitle "CBM 216 Extra"]
[Source "ChessBase"]
[SourceDate "2023.11.30"]
[SourceVersion "1"]
[SourceVersionDate "2023.11.30"]
[SourceQuality "1"]

1. e4 c5 2. d4 cxd4 3. c3 dxc3 4. Nxc3 d6 5. Nf3 e6 6. Bc4 a6 7. 0-0 Ne7 8. Qe2 Ng6 9. Rd1 Be7 10. Be3 Nc6 11. Rac1 0-0 12. Na4 Bd7 13. Nb6 Rb8 14. Qc2 Nce5 15. Nxe5 Nxe5 16. Be2 Bc6 17. f4 Nd7 18. Nc4 d5 19. exd5 Bxd5 20. Ne5 Nxe5 21. fxe5 Bg5 22. Bc5 Bxc1 23. Bxf8 Be3+ 0-1

[Event "Bogota Bonita op"]
[Site "Bogota"]
[Date "2019.09.26"]
[Round "1"]
[White "Dlaikan, Kevin"]
[Black "Carrero Hernandez, Oscar David"]
[Result "1-0"]
[WhiteElo "1638"]
[BlackElo "1500"]
[PlyCount "67"]
[EventDate "2019.09.26"]
[EventType "swiss"]
[EventRounds "7"]
[EventCountry "COL"]
[SourceTitle "EXT 2020"]
[Source "ChessBase"]
[SourceDate "2019.10.17"]
[SourceVersion "1"]
[SourceVersionDate "2019.10.17"]
[SourceQuality "1"]

1. e4 c6 2. d4 d5 3. Nc3 Nf6 4. e5 Ne4 5. Nxe4 dxe4 6. Bc4 Bf5 7. Ne2 e6 8. Nf4 Nd7 9. g4 Bg6 10. h4 h6 11. Bxe6 fxe6 12. Nxg6 Rg8 13. Qe2 Qa5+ 14. Bd2 Qb5 15. Qxb5 cxb5 16. Nf4 Rc8 17. c3 Rc6 18. 0-0 Be7 19. h5 Bg5 20. Rfe1 Nb6 21. Rxe4 Nc4 22. Be3 Rf8 23. d5 exd5 24. Nxd5 Bxe3 25. Nxe3 Nd2 26. Rb4 Nf3+ 27. Kg2 Nxe5 28. Rxb5 Nd3 29. Nf5 g6 30. hxg6 Rxg6 31. Kg3 a6 32. Rd5 h5 33. Nd6+ Ke7 34. Rxd3 1-0